[Event "TUR-chT 2nd League"]
[Site "Denizli"]
[Date "2023.07.13"]
[Round "7.114"]
[White "Ozata, Doruk"]
[Black "Demir, Utku Deniz"]
[Result "1-0"]
[WhiteElo "1902"]
[BlackElo "1635"]
[PlyCount "43"]
[EventDate "2023.07.09"]
[EventType "team-swiss"]
[EventRounds "9"]
[EventCountry "TUR"]
[SourceTitle "CBM 215 Extra"]
[Source "ChessBase"]
[SourceDate "2023.09.30"]
[SourceVersion "1"]
[SourceVersionDate "2023.09.30"]
[SourceQuality "1"]
[WhiteTeam "Cigli Batubey"]
[BlackTeam "Karaman Yunus Emre"]
[WhiteTeamCountry "TUR"]
[BlackTeamCountry "TUR"]

1. e4 c5 2. Nc3 Nc6 3. Bb5 Nd4 4. Bc4 g6 5. Nf3 Bg7 6. Nxd4 cxd4 7. Qf3 e6 8. Nb5 d6 9. Qa3 Ke7 10. c3 Qb6 11. Nxd4 Bxd4 12. cxd4 Qxd4 13. d3 Nf6 14. Be3 Qe5 15. f4 Qh5 16. e5 Ne8 17. Rc1 f6 18. d4 Bd7 19. Be2 Qf5 20. 0-0 Bc6 21. g4 Qe4 22. Bf3 1-0

[Event "TUR-chT 2nd League"]
[Site "Konya"]
[Date "2022.08.27"]
[Round "8.13"]
[White "Demir, Utku Deniz"]
[Black "Yilmaz, Enes Mustafa"]
[Result "1/2-1/2"]
[WhiteElo "1624"]
[BlackElo "1562"]
[PlyCount "105"]
[EventDate "2022.08.22"]
[EventType "team-swiss"]
[EventRounds "9"]
[EventCountry "TUR"]
[SourceTitle "CBM 210 Extra"]
[Source "ChessBase"]
[SourceDate "2022.11.30"]
[SourceVersion "1"]
[SourceVersionDate "2022.11.30"]
[SourceQuality "1"]
[WhiteTeam "Corum Belediye"]
[BlackTeam "Altin Hamle Corum"]
[WhiteTeamCountry "TUR"]
[BlackTeamCountry "TUR"]

1. e4 e5 2. Nf3 Nc6 3. Bb5 a6 4. Ba4 Nf6 5. 0-0 b5 6. Bb3 Be7 7. d3 0-0 8. Re1 d6 9. h3 Na5 10. c3 Nxb3 11. axb3 Bb7 12. Nbd2 Nd7 13. Nf1 f5 14. Ng3 fxe4 15. dxe4 Kh8 16. Be3 Nf6 17. Qc2 Qe8 18. Rad1 Nh5 19. Nf5 Bc8 20. g4 Nf6 21. Kg2 Bxf5 22. exf5 Qc6 23. Bg5 Ng8 24. Kg3 a5 25. Bxe7 Nxe7 26. Qc1 Nd5 27. Qg5 h6 28. Qh4 Nf4 29. Re3 a4 30. bxa4 Rxa4 31. Qe7 Raa8 32. Rg1 Rae8 33. Qh4 Qc4 34. Kh2 Nd3 35. g5 Rxf5 36. gxh6 Qxh4 37. hxg7+ Kg8 38. Nxh4 Rxf2+ 39. Kg3 Rxb2 40. Rxd3 Kxg7 41. Kg4 Rf2 42. Rf3 Rxf3 43. Kxf3+ Kf6 44. Ke4 Rh8 45. Rg6+ Kf7 46. Rg4 c6 47. Kf5 Rh5+ 48. Ke4 d5+ 49. Kf3 c5 50. Kg3 d4 51. cxd4 exd4 52. Nf3 Ke6 53. Nxd4+ 1/2-1/2

[Event "TUR-chT 2nd League"]
[Site "Konya"]
[Date "2022.08.25"]
[Round "6.12"]
[White "Demir, Utku Deniz"]
[Black "Turan, Erkan"]
[Result "0-1"]
[WhiteElo "1624"]
[BlackElo "1612"]
[PlyCount "90"]
[EventDate "2022.08.22"]
[EventType "team-swiss"]
[EventRounds "9"]
[EventCountry "TUR"]
[SourceTitle "CBM 210 Extra"]
[Source "ChessBase"]
[SourceDate "2022.11.30"]
[SourceVersion "1"]
[SourceVersionDate "2022.11.30"]
[SourceQuality "1"]
[WhiteTeam "Corum Belediye"]
[BlackTeam "Gulbahcesi Egitim"]
[WhiteTeamCountry "TUR"]
[BlackTeamCountry "TUR"]

1. e4 c5 2. Nc3 Nc6 3. Bb5 Nd4 4. Nf3 Nxb5 5. Nxb5 a6 6. Nc3 d6 7. d4 cxd4 8. Qxd4 Nf6 9. h3 g6 10. Bg5 Bg7 11. Qe3 Qa5 12. 0-0 Be6 13. Rad1 0-0 14. Nd4 Bc4 15. Rfe1 Rac8 16. Nb3 Qc7 17. Bh6 Rfe8 18. Bxg7 Kxg7 19. Qg5 h6 20. Qg3 e5 21. Nd2 Be6 22. Nf1 Nh5 23. Qf3 Nf4 24. Ne3 Red8 25. Rd2 Qa5 26. Red1 Rc6 27. Ned5 Bxd5 28. exd5 Rc4 29. a3 b5 30. Ne4 Qc7 31. c3 f5 32. Ng3 Rc8 33. h4 Qf7 34. Nf1 Nh5 35. Qh3 Qf6 36. g3 Rf8 37. Ne3 Re4 38. Rd3 g5 39. hxg5 Qxg5 40. Kh2 f4 41. Ng2 fxg3+ 42. fxg3 Re2 43. Rg1 Nf6 44. Qh4 Ng4+ 45. Kh3 Nf2+ 0-1

[Event "TUR-chT 2nd League"]
[Site "Konya"]
[Date "2019.07.25"]
[Round "6.10"]
[White "Tay, Ugur Can"]
[Black "Demir, Utku Deniz"]
[Result "1-0"]
[WhiteElo "1681"]
[BlackElo "1686"]
[PlyCount "141"]
[EventDate "2019.07.22"]
[EventType "team-swiss"]
[EventRounds "9"]
[EventCountry "TUR"]
[SourceTitle "CBM 191 Extra"]
[Source "ChessBase"]
[SourceDate "2019.09.30"]
[SourceVersion "1"]
[SourceVersionDate "2019.09.30"]
[SourceQuality "1"]
[WhiteTeam "Konya Erkin"]
[BlackTeam "Yalova Altinkale"]
[WhiteTeamCountry "TUR"]
[BlackTeamCountry "TUR"]

1. d4 Nf6 2. Nf3 e6 3. e3 c5 4. c4 a6 5. Nc3 d5 6. dxc5 Bxc5 7. cxd5 exd5 8. Be2 0-0 9. 0-0 Nc6 10. a3 Be6 11. b4 Bd6 12. Bb2 Qe7 13. Rc1 Rfd8 14. Na4 h6 15. Nc5 Rab8 16. Nxa6 bxa6 17. Rxc6 a5 18. b5 Bxa3 19. Be5 Rb7 20. Qa1 Ne8 21. Bc3 a4 22. Ra6 Bb4 23. Bxb4 Qxb4 24. Rxa4 Qd6 25. Nd4 Bd7 26. Ra6 Rb6 27. Rxb6 Qxb6 28. Qa6 Qc5 29. b6 Rb8 30. Rb1 Nd6 31. b7 Qc7 32. Bf3 Be6 33. Qc6 Rxb7 34. Rxb7 Qxb7 35. Qxb7 Nxb7 36. Nc6 Kf8 37. Nb4 Nc5 38. Bxd5 Bd7 39. Kf1 Ke7 40. Ke2 f5 41. f3 Bb5+ 42. Kd2 Kd6 43. g3 Nd7 44. e4 fxe4 45. Bxe4 Nf6 46. Ke3 g5 47. Nc2 Bd7 48. Kd4 h5 49. Ne3 Be6 50. Nf5+ Bxf5 51. Bxf5 h4 52. gxh4 gxh4 53. Bg4 Ke7 54. Ke5 Ne8 55. Kf5 Nd6+ 56. Kg5 Nf7+ 57. Kxh4 Kf6 58. f4 Nh8 59. Bh5 Kg7 60. Kg5 Kh7 61. h4 Kg7 62. f5 Kh7 63. Bg6+ Kg7 64. h5 Kg8 65. Kh6 Kf8 66. Kh7 Nf7 67. Bxf7 Kxf7 68. h6 Kf8 69. Kg6 Kg8 70. f6 Kh8 71. Kf7 1-0

[Event "TUR-chT 2nd League"]
[Site "Konya"]
[Date "2018.07.20"]
[Round "7.16"]
[White "Demir, Utku Deniz"]
[Black "Unsal, Omer"]
[Result "0-1"]
[WhiteElo "1702"]
[BlackElo "1619"]
[PlyCount "182"]
[EventDate "2018.07.16"]
[EventType "team-swiss"]
[EventRounds "9"]
[EventCountry "TUR"]
[SourceTitle "EXT 2019"]
[Source "ChessBase"]
[SourceDate "2018.10.10"]
[SourceVersion "1"]
[SourceVersionDate "2018.10.10"]
[SourceQuality "1"]
[WhiteTeam "Eskiseh Tasci"]
[BlackTeam "Ayidin Nazilli Belediyesi"]
[WhiteTeamCountry "TUR"]
[BlackTeamCountry "TUR"]

1. e4 d5 2. exd5 Nf6 3. d4 Nxd5 4. c4 Nf6 5. Nc3 g6 6. Be3 Bg7 7. Be2 c6 8. Qd2 Bg4 9. f3 Bc8 10. g4 Na6 11. g5 Ng8 12. h4 h5 13. 0-0-0 Qa5 14. f4 Bf5 15. a3 Nb4 16. Nf3 0-0-0 17. Ne4 Bxe4 18. Qxb4 Qxb4 19. axb4 e6 20. Rhe1 Ne7 21. Nd2 Bf5 22. Nb3 Bg4 23. Bf2 Nf5 24. Rd2 Bxe2 25. Rexe2 b6 26. c5 Kb7 27. Kc2 Rd5 28. Re4 Rhd8 29. Kc3 Ne7 30. Na1 Rf5 31. Bg3 bxc5 32. bxc5 Rxc5+ 33. Kb4 Rb5+ 34. Kc4 Nf5 35. Bf2 Nd6+ 36. Kd3 Nxe4 37. Kxe4 c5 38. b3 cxd4 39. Rd3 e5 40. Nc2 exf4 41. Kxf4 Rf5+ 42. Kg3 Re8 43. Nxd4 Rd5 44. Kf3 Red8 45. Ke4 Re5+ 46. Kf4 Red5 47. Ke4 Bxd4 48. Bxd4 Rf5 49. Rh3 Re8+ 50. Kd3 Rd8 51. Ke4 Rf1 52. Bf6 Re8+ 53. Kd5 Rd1+ 54. Kc5 Rc8+ 55. Kb4 Kb6 56. Rf3 Rd2 57. Bc3 Rc2 58. Rf6+ Rc6 59. Bd4+ Kb7 60. Rxf7+ Rc7 61. Rf6 R2c6 62. Rf4 Rd7 63. Bf6 Rd5 64. Re4 Rf5 65. Rd4 Rcxf6 66. gxf6 Rxf6 67. Kc5 Kc7 68. Kd5 Rd6+ 69. Kc5 Rxd4 70. Kxd4 Kd6 71. b4 a6 72. Kc4 Kc6 73. Kd4 Kb5 74. Kc3 Kb6 75. Kd4 Kb5 76. Kc3 Kc6 77. Kc4 Kd6 78. Kd4 Ke6 79. Ke4 Kf6 80. Kf4 g5+ 81. hxg5+ Kg6 82. Kg3 Kxg5 83. Kh3 Kf4 84. Kh4 Ke4 85. Kxh5 Kd4 86. Kg4 Kc4 87. Kf4 Kxb4 88. Ke3 Kc3 89. Ke2 a5 90. Kd1 Kb2 91. Kd2 a4 0-1

[Event "TUR-chT 2nd League"]
[Site "Konya"]
[Date "2018.07.19"]
[Round "5.13"]
[White "Demir, Utku Deniz"]
[Black "Yurtoglu, Osman Talha"]
[Result "0-1"]
[WhiteElo "1702"]
[BlackElo "1862"]
[PlyCount "95"]
[EventDate "2018.07.16"]
[EventType "team-swiss"]
[EventRounds "9"]
[EventCountry "TUR"]
[SourceTitle "EXT 2019"]
[Source "ChessBase"]
[SourceDate "2018.10.10"]
[SourceVersion "1"]
[SourceVersionDate "2018.10.10"]
[SourceQuality "1"]
[WhiteTeam "Eskiseh Tasci"]
[BlackTeam "Hayat Genclik"]
[WhiteTeamCountry "TUR"]
[BlackTeamCountry "TUR"]

1. e4 c5 2. Nf3 a6 3. a4 Nc6 4. d4 cxd4 5. Nxd4 e5 6. Nb3 Nf6 7. Nc3 Bb4 8. Bc4 Na5 9. Nxa5 Bxc3+ 10. bxc3 Qxa5 11. Qd3 d5 12. Bxd5 Nxd5 13. exd5 Bf5 14. Qg3 0-0-0 15. 0-0 Qxd5 16. Bb2 f6 17. c4 Qc6 18. Rfc1 h5 19. h3 Rh6 20. Ra3 Rg6 21. Qh2 h4 22. g4 Be4 23. Re3 Bf3 24. Rce1 f5 25. Qxe5 fxg4 26. Qf5+ Kb8 27. Kh2 g3+ 28. fxg3 Rd2+ 29. R1e2 Bxe2 30. Qe5+ Ka8 31. Rxe2 hxg3+ 32. Kg1 Rd1+ 33. Re1 Rxe1+ 34. Qxe1 Qc5+ 35. Kg2 Qc6+ 36. Kg1 Qb6+ 37. Kg2 Qf2+ 38. Qxf2 gxf2+ 39. Kxf2 Rc6 40. Bxg7 Rxc4 41. c3 Rxa4 42. Bd4 Kb8 43. h4 Kc7 44. h5 Ra5 45. h6 Rh5 46. Bg7 Kd6 47. Kf3 Ke6 48. Kf4 0-1

[Event "TUR-chT 2nd League"]
[Site "Konya"]
[Date "2017.07.19"]
[Round "4.9"]
[White "Yagli, Serhat Orkun"]
[Black "Demir, Utku Deniz"]
[Result "0-1"]
[WhiteElo "1078"]
[BlackElo "1680"]
[PlyCount "72"]
[EventDate "2017.07.17"]
[EventType "team-swiss"]
[EventRounds "9"]
[EventCountry "TUR"]
[SourceTitle "CBM 179 Extra"]
[Source "ChessBase"]
[SourceDate "2017.08.23"]
[SourceVersion "1"]
[SourceVersionDate "2017.08.23"]
[SourceQuality "1"]
[WhiteTeam "Ordu Gul Bahcesi"]
[BlackTeam "Eskiseh Tasci"]
[WhiteTeamCountry "TUR"]
[BlackTeamCountry "TUR"]

1. d4 Nf6 2. Nf3 e6 3. Bg5 d5 4. e3 c5 5. c3 Be7 6. Bd3 h6 7. Bf4 Nbd7 8. Nbd2 0-0 9. Ne5 g5 10. Bg3 Ne8 11. h4 Nxe5 12. dxe5 gxh4 13. Qg4+ Bg5 14. Bxh4 f5 15. Qg3 Kf7 16. Bxg5 hxg5 17. Rh7+ Ng7 18. Qh3 Rg8 19. Qh6 Bd7 20. Nf3 g4 21. Ng5+ Kf8 22. Bb5 a6 23. Bxd7 Qxd7 24. Nxe6+ Qxe6 25. Qxe6 Nxe6 26. Rxb7 Rg7 27. Rxg7 Kxg7 28. 0-0-0 Rd8 29. Kc2 d4 30. cxd4 cxd4 31. g3 Rc8+ 32. Kd3 Nc5+ 33. Ke2 d3+ 34. Kf1 Ne4 35. Rxd3 Rc2 36. Rb3 Nd2+ 0-1

[Event "Izmir op 15th"]
[Site "Izmir"]
[Date "2016.09.10"]
[Round "8"]
[White "Valansi, Avram Alber"]
[Black "Demir, Utku Deniz"]
[Result "1-0"]
[WhiteElo "2025"]
[BlackElo "1731"]
[PlyCount "83"]
[EventDate "2016.09.05"]
[EventType "swiss"]
[EventRounds "9"]
[EventCountry "TUR"]
[SourceTitle "CBM 174 Extra"]
[Source "ChessBase"]
[SourceDate "2016.10.10"]
[SourceVersion "1"]
[SourceVersionDate "2016.10.10"]
[SourceQuality "1"]

1. d4 Nf6 2. Nf3 e6 3. g3 c5 4. Bg2 cxd4 5. Nxd4 Nc6 6. 0-0 Bc5 7. Nb3 Bb6 8. c4 0-0 9. Nc3 a6 10. Bf4 Bc7 11. Bd6 Bxd6 12. Qxd6 Ne8 13. Qf4 Qc7 14. Rfd1 Qxf4 15. gxf4 Nf6 16. c5 b6 17. Na4 bxc5 18. Naxc5 d5 19. Rac1 Ne7 20. Nd4 Rb8 21. b3 h6 22. e3 Rd8 23. Rd2 Nd7 24. Rdc2 Nxc5 25. Rxc5 Bd7 26. Bf1 Kf8 27. a4 Bc8 28. Rc7 Ke8 29. Rxe7+ Kxe7 30. Nc6+ Kf6 31. Nxb8 a5 32. Nc6 Rd6 33. Nxa5 Bd7 34. Nb7 Rb6 35. Nc5 Bc6 36. a5 Rb4 37. a6 Ba8 38. Bd3 e5 39. Nd7+ Ke7 40. Nxe5 Rxb3 41. Rc8 Bb7 42. Rc7+ 1-0

[Event "Troya op 23rd"]
[Site "Canakkale"]
[Date "2015.08.11"]
[Round "5"]
[White "Demir, Utku Deniz"]
[Black "Baysan, Ersin"]
[Result "1/2-1/2"]
[WhiteElo "1735"]
[BlackElo "1976"]
[PlyCount "131"]
[EventDate "2015.08.08"]
[EventType "swiss"]
[EventRounds "9"]
[EventCountry "TUR"]
[SourceTitle "CBM 167 Extra"]
[Source "ChessBase"]
[SourceDate "2015.09.14"]
[SourceVersion "1"]
[SourceVersionDate "2015.09.14"]
[SourceQuality "1"]

1. e4 e6 2. d4 d5 3. Nd2 dxe4 4. Nxe4 Be7 5. Bd3 Nf6 6. Nf3 0-0 7. 0-0 b6 8. c3 Bb7 9. Re1 Nbd7 10. Nfg5 h6 11. Nxf6+ Nxf6 12. Ne4 Nxe4 13. Bxe4 Bxe4 14. Rxe4 c5 15. Qh5 Kh7 16. Rg4 Qd5 17. Qxd5 exd5 18. dxc5 Bxc5 19. Be3 Rfe8 20. Rd1 Bxe3 21. fxe3 Rxe3 22. Rxd5 Re1+ 23. Kf2 Rae8 24. Rd7 R1e7 25. Rxe7 Rxe7 26. Rd4 g5 27. g4 Kg6 28. Rd6+ Kg7 29. Rd5 Re4 30. h3 Rf4+ 31. Kg2 a6 32. Rd6 Rf6 33. Rd8 b5 34. Rd5 Kf8 35. Rd8+ Ke7 36. Rd2 Rd6 37. Re2+ Re6 38. Rd2 Re3 39. Rf2 Ke6 40. Rd2 f5 41. gxf5+ Kxf5 42. a3 h5 43. Rd6 a5 44. b3 Re6 45. Rd8 Re3 46. Rf8+ Ke4 47. Rb8 Rxc3 48. Rxb5 Kf4 49. Rxa5 Rg3+ 50. Kh2 Rxb3 51. a4 Rb2+ 52. Kg1 Rb1+ 53. Kg2 Rb2+ 54. Kg1 Ra2 55. Kf1 Ra1+ 56. Kg2 Ra2+ 57. Kg1 Ra3 58. Kg2 Rg3+ 59. Kh2 h4 60. Rb5 Ra3 61. a5 Ra2+ 62. Kg1 Ra4 63. Kg2 g4 64. hxg4 Kxg4 65. Kh2 Ra2+ 66. Kg1 1/2-1/2

[Event "Manavgat Turkey Cup"]
[Site "Manavgat"]
[Date "2015.02.04"]
[Round "7"]
[White "Hajiyev, Shahin Qabil"]
[Black "Demir, Utku Deniz"]
[Result "1/2-1/2"]
[WhiteElo "2007"]
[BlackElo "1806"]
[PlyCount "105"]
[EventDate "2015.01.31"]
[EventType "swiss"]
[EventRounds "11"]
[EventCountry "TUR"]
[SourceTitle "CBM 164 Extra"]
[Source "ChessBase"]
[SourceDate "2015.03.02"]
[SourceVersion "1"]
[SourceVersionDate "2015.03.02"]
[SourceQuality "1"]

1. d4 Nf6 2. c4 c5 3. d5 e6 4. Nc3 exd5 5. cxd5 d6 6. e4 g6 7. Bd3 a6 8. a4 Bg7 9. h3 0-0 10. Nf3 Re8 11. 0-0 Nbd7 12. Re1 Nh5 13. g4 Nhf6 14. Bf4 h5 15. g5 Nh7 16. Qd2 Ne5 17. Bxe5 Bxe5 18. Nxe5 Nxg5 19. Bf1 Rxe5 20. Re3 Nh7 21. f4 Re8 22. Bg2 Rb8 23. Rae1 Kg7 24. e5 Bf5 25. Ne4 dxe5 26. fxe5 Bxe4 27. Rxe4 Qb6 28. Rc4 Kg8 29. d6 Nf8 30. Bd5 Rbd8 31. Qf2 Ne6 32. b4 a5 33. Bxe6 Rxe6 34. Qxc5 Qxc5+ 35. bxc5 Kf8 36. Rb1 Rd7 37. Rxb7 Rxb7 38. c6 Rb1+ 39. Kf2 Rb2+ 40. Kf3 Rb8 41. c7 Rc8 42. d7 Ree8 43. Kf4 Ke7 44. dxe8Q+ Kxe8 45. Kg5 Ke7 46. Rc5 Ke6 47. h4 Ke7 48. Kh6 Ke6 49. Kg7 g5 50. hxg5 h4 51. Rc6+ Ke7 52. Rf6 h3 53. Rh6 1/2-1/2

[Event "Manavgat Turkey Cup"]
[Site "Manavgat"]
[Date "2015.02.03"]
[Round "5"]
[White "Ozsayin, Elif"]
[Black "Demir, Utku Deniz"]
[Result "0-1"]
[WhiteElo "1448"]
[BlackElo "1806"]
[PlyCount "79"]
[EventDate "2015.01.31"]
[EventType "swiss"]
[EventRounds "11"]
[EventCountry "TUR"]
[SourceTitle "CBM 164 Extra"]
[Source "ChessBase"]
[SourceDate "2015.03.02"]
[SourceVersion "1"]
[SourceVersionDate "2015.03.02"]
[SourceQuality "1"]

1. e4 c5 2. Nf3 e6 3. Qe2 a6 4. g3 Nc6 5. Bg2 g6 6. 0-0 Bg7 7. d3 Nge7 8. c3 0-0 9. Be3 b6 10. d4 cxd4 11. cxd4 d5 12. e5 h6 13. Qd2 Kh7 14. h3 a5 15. Rc1 Ba6 16. Bf1 Bxf1 17. Kxf1 Qd7 18. Nc3 f6 19. Kg2 fxe5 20. Nxe5 Bxe5 21. dxe5 Nxe5 22. Ne2 Rac8 23. b3 d4 24. Nxd4 Qb7+ 25. Kf1 Rxc1+ 26. Rxc1 Nf5 27. Bf4 Qh1+ 28. Ke2 Qe4+ 29. Be3 Rd8 30. Rc7+ Kh8 31. Kf1 Nf3 32. Qc1 N3xd4 33. Bxd4+ Qxd4 34. g4 Qd3+ 35. Kg2 Nh4+ 36. Kh2 Qd6+ 37. f4 Qd2+ 38. Qxd2 Rxd2+ 39. Kg3 g5 40. Rc8+ 0-1

[Event "Manavgat Turkey Cup"]
[Site "Manavgat"]
[Date "2015.02.02"]
[Round "4"]
[White "Demir, Utku Deniz"]
[Black "Ozalp, Burak"]
[Result "0-1"]
[WhiteElo "1806"]
[BlackElo "2024"]
[PlyCount "132"]
[EventDate "2015.01.31"]
[EventType "swiss"]
[EventRounds "11"]
[EventCountry "TUR"]
[SourceTitle "CBM 164 Extra"]
[Source "ChessBase"]
[SourceDate "2015.03.02"]
[SourceVersion "1"]
[SourceVersionDate "2015.03.02"]
[SourceQuality "1"]

1. e4 c5 2. Nf3 g6 3. Nc3 Bg7 4. Bc4 d6 5. 0-0 Nf6 6. d3 Nc6 7. h3 0-0 8. a3 a6 9. Bg5 b5 10. Ba2 h6 11. Be3 Bb7 12. Qd2 Kh7 13. Nh2 b4 14. axb4 cxb4 15. Ne2 d5 16. e5 Nxe5 17. Qxb4 Qd7 18. f3 Rfc8 19. d4 Nc4 20. Bxc4 dxc4 21. Nc3 Nh5 22. Rad1 Rab8 23. Qa3 Ng3 24. Rfe1 Nf5 25. Bf2 h5 26. Kh1 e6 27. Ne4 Qc7 28. c3 Bd5 29. Re2 Rb3 30. Qa2 Rb6 31. g4 hxg4 32. hxg4 Bxe4 33. Rxe4 Ng3+ 34. Bxg3 Qxg3 35. Rd2 Rcb8 36. Rg2 Qxg2+ 37. Kxg2 Rxb2+ 38. Re2 Rxa2 39. Rxa2 Rb3 40. Rc2 a5 41. Nf1 Bh6 42. Kg3 a4 43. g5 Bxg5 44. f4 Bf6 45. Kg4 a3 46. Ne3 Bxd4 47. cxd4 Rxe3 48. Rxc4 Kg7 49. Ra4 Rd3 50. Kg5 a2 51. Rxa2 Rxd4 52. Ra7 Rd5+ 53. Kg4 Kf6 54. Ra4 Rf5 55. Ra7 g5 56. fxg5+ Rxg5+ 57. Kf4 Rb5 58. Ra4 e5+ 59. Kg4 Kg6 60. Rc4 Rd5 61. Rc7 f5+ 62. Kg3 Rd3+ 63. Kh4 f4 64. Rc4 Kf5 65. Ra4 Rd8 66. Kh3 Rg8 0-1

[Event "Manavgat Turkey Cup"]
[Site "Manavgat"]
[Date "2015.02.01"]
[Round "2"]
[White "Demir, Utku Deniz"]
[Black "Metin, Mehmet"]
[Result "1-0"]
[WhiteElo "1806"]
[BlackElo "2154"]
[PlyCount "93"]
[EventDate "2015.01.31"]
[EventType "swiss"]
[EventRounds "11"]
[EventCountry "TUR"]
[SourceTitle "CBM 164 Extra"]
[Source "ChessBase"]
[SourceDate "2015.03.02"]
[SourceVersion "1"]
[SourceVersionDate "2015.03.02"]
[SourceQuality "1"]

1. e4 c5 2. Nf3 Nc6 3. Bb5 g6 4. Bxc6 dxc6 5. h3 Bg7 6. d3 Nf6 7. 0-0 0-0 8. Nc3 Ne8 9. Be3 b6 10. Qd2 e5 11. Bh6 Qd6 12. Rfe1 Nc7 13. Ne2 Ne6 14. c3 Ba6 15. Bxg7 Kxg7 16. Rad1 Rad8 17. Qe3 f6 18. Nc1 Rf7 19. Rd2 Rfd7 20. Red1 Qe7 21. a3 Bb5 22. Kh2 a5 23. c4 Ba6 24. Nb3 Bc8 25. g3 Rh8 26. Kg2 Rd6 27. Rh1 Qd7 28. a4 h5 29. Nh4 Rd8 30. Nc1 Nd4 31. Nf3 b5 32. axb5 cxb5 33. b3 a4 34. bxa4 bxc4 35. dxc4 Qxa4 36. Nxd4 Rxd4 37. Rxd4 Rxd4 38. Nb3 Rxc4 39. Ra1 Qd7 40. Nxc5 Qxh3+ 41. Kg1 g5 42. Qb3 Rd4 43. Ra7+ Bd7 44. Ne6+ Kh6 45. Nxd4 exd4 46. Qf7 Qg4 47. Qxf6+ 1-0